| 000 | 01084cam a2200265 i 4500 | ||
|---|---|---|---|
| 003 | SA-RiAUC | ||
| 005 | 20260215123730.0 | ||
| 008 | 260210s1931 ua g 00000 ara c | ||
| 040 |
_aSA-RiKSU _bara _cSA-RiAUC _erda |
||
| 043 | _aa-su--- | ||
| 082 | 0 | 4 | _a915.3104 |
| 090 |
_aم ن 915.3104 _bط ح ا |
||
| 100 | 1 |
_aالطحان، مصطفى محمد، _d1940- _eمؤلف. |
|
| 245 | 1 | 0 |
_aفي المملكة الروحية للعالم الإسلامي : _bرحلة إلى الأراضي المقدسة عام 1349 هـ-1931 م / _cمصطفى محمد. |
| 250 | _aالطبعة الأولى. | ||
| 264 | 1 |
_a[مكان النشر غير محدد] : _b[الناشر غير محدد]، _c1931 |
|
| 264 | 3 |
_aالقاهرة : _bمطبعة المدينة المنورة |
|
| 300 |
_a230 صفحة؛ _c29 سم. |
||
| 336 |
_aنص _btxt _2rdacontent _3كتاب |
||
| 337 |
_aبدون وسيط _bn _2rdamedia |
||
| 338 |
_aمجلد _bnc _2rdacarrier |
||
| 651 | 7 |
_aالسعودية _xوصف ورحلات _2aucsh |
|
| 942 |
_2ddc _cRBOOK COPY _n0 |
||
| 949 |
_aSA-JeALM _d260210 _umohamedma123 _n1 |
||
| 999 |
_c14328 _d14328 |
||